000 06838cam a22019574i 4500
003 PE-LiUPU
005 20250813165728.0
008 150624s2009 mx a rb 001 0 spa d
020 _a9786074480054
035 _a(Sirsi) i9786074480054
040 _aCO-BoBLA
_bspa
_cCO-BoBLA
_dPE-LiUPU
_erda
041 1 _aspa
_heng
049 _aPRUA
082 0 4 _a616.6
_bU6
_219
245 1 0 _aUrología general de Smith /
_ceditado por Emil A. Tanagho, Jack W. McAninch ; traducción Victor Manuel Pastrana Retana.
250 _a14a. edición.
264 1 _aMéxico :
_bEditorial Manual Moderno,
_c[2009].
300 _axiii, 777 páginas :
_bilustraciones ;
_c28 centímetros
336 _atext
_2rdacontent
337 _aunmediated
_2rdamedia
338 _avolume
_2rdacarrier
504 _aBibliografía al final de cada capítulo.
504 _aÍndice : páginas 757-777.
505 0 _aAnatomía del tracto genitourinario -- Embriología del tracto genitourinario y trastornos del tracto genitourinario -- Exploración física del tracto genitourinario -- Examen urológico del laboratorio -- Radiología del tracto urinario -- Radiología de intervención vascular -- Endourología percutánea y ureterorrenoscopia -- Cirugía laparoscópica -- Instrumentación retrógrada del tracto urinario -- Obstrucción y estasis urinaria -- Reflujo vesicoureteral -- Infecciones bacterianas del tracto genitourinario -- Infecciones específicas del tracto genitourinario -- Enfermedades de trasmisión sexual -- Enfermedad litiística urinaria -- Lesiones en el tracto genitourinario -- Inmunología e inmunoterapia de los cánceres urológicos -- Quimioterapia de los tumores urológicos -- Carcinoma urotelial: cánceres vesical ureteral y de la pelvis renal -- Neoplasias del parénquima renal -- Neoplasias de la glándula prostática -- Tumores genitales -- Derivación urinaria y sustitución de la vejiga -- Radioterapia de los tumores urológicos -- Neurofisiología y farmacología del tracto urinario inferior -- Trastornos neurogénicos de la vejiga -- Estudios urodin?micos -- Incontinencia urinaria -- Trastornos de las glándulas suprarrenales -- Trastornos renales -- Diagnóstico de las enfermedades médico renales -- Oliguria; insuficiencia renal aguda -- Insuficiencia renal crónica y diálisis -- Trasplante renal -- Trastornos del uréter y de la unión ureteropélvica -- Trastornos de la vejiga, próstata y vesículas seminales -- Disfunción sexual masculina -- Urología y disfunción sexual femenina -Trastornos del pene y de la uretra masculina -- Trastornos de la uretra femenina -- Enfermedades de la piel de los genitales externos -- Anomalías de la determinación y diferenciación sexual -- Infertilidad masculina -- Proceso de envejecimiento masculino.
526 _aP203
526 _aP200
526 _aSEG65
526 _aSEG64
526 _aSEG63
526 _aSEG62
526 _aSEG61
526 _aSEG60
526 _aSEG59
526 _aSEG58
526 _aSEG57
526 _aSEG56
526 _aSEG55
526 _aSEG54
526 _aSEG53
526 _aSEG52
526 _aSEG51
526 _aSEG50
526 _aSEG49
526 _aSEG48
526 _aSEG47
526 _aSEG46
526 _aSEG24
526 _aSEG23
526 _aSEG22
526 _aSEG21
526 _aSEG20
526 _aSEG19
526 _aSEG18
526 _aSEG17
526 _aSEG16
526 _aSEG14
526 _aSEG13
526 _aSEG12
526 _aSEG11
526 _aSEG10
526 _aSEG09
526 _aSEG06
526 _aSEG05
526 _aSEG04
526 _aSEG03
526 _aSEG02
526 _aSEG68
526 _aSEG66
526 _aSEG45
526 _aSEG25
526 _aSEG01
526 _aP163
526 _aP162
526 _aP161
526 _aP160
526 _aP159
526 _aP158
526 _aP157
526 _aP156
526 _aP155
526 _aP154
526 _aP153
526 _aP152
526 _aP151
526 _aP150
526 _aP149
526 _aP142
526 _aP141
526 _aP140
526 _aP139
526 _aP138
526 _aP137
526 _aP132
526 _aP131
526 _aP130
526 _aP126
526 _aP125
526 _aP124
526 _aP123
526 _aP115
526 _aP122
526 _aP121
526 _aP116
526 _a P114
526 _aP112
526 _aP111
526 _aP104
526 _aP103
526 _aP102
526 _aP101
526 _aP100
526 _aP96
526 _aP95
526 _aP93
526 _aP92
526 _aP91
526 _aP88
526 _aP83
526 _aP82
526 _aP79
526 _aP78
526 _aP75
526 _aP74
526 _aP71
526 _aP69
526 _a P51
526 _aP49
526 _aP48
526 _aP47
526 _aP33
526 _aP31
526 _a P30
526 _aP29
526 _aP27
526 _aP26
526 _aP25
526 _aP24
526 _a P22
526 _aP10
526 _aP09
526 _a P08
526 _aP06
526 _aP05
526 _aP04
526 _aP01
534 _pTítulo original :
_tSmith's general urology.
541 _g001-0022659;
650 4 _aAparato urogenital
_xNeoplasmas.
650 4 _aEnfermedades de transmisión sexual.
_92236
650 4 _aEnfermedades del aparato urogenital
_xAnatomía.
650 4 _aEnfermedades del aparato urogenital
_xRadiografías.
650 4 _aEnfermedades del aparato urogenital.
650 4 _aUrología.
700 1 _aMcAninch, Jack W.,
_eeditor.
700 1 _aPastrana Retana, Víctor Manuel,
_etraductor.
700 1 _aTanagho, Emil A.,
_eeditor.
910 _aaas
_bjck
_caas
_d20150624
942 _2ddc
_cBOOK
949 _a616.6 U6
_wDEWEY
_c1
_i71546
_d2016-4-6
_e2016-4-6
_lCCODEBUL1
_mBUL
_n1
_p132.30
_r0
_sY
_tBOOK
_u2015-6-24
_xSALUD
_PP30
_0COMPRA
_o.STAFF. Colección General
949 _a616.6 T19 1993
_wDEWEY
_c1
_iFJ07723
_lCCODEBUJ1
_mBUJ
_p130.00
_r0
_sY
_tBOOK
_u2017-10-25
_xSALUD
_PP22
_0COMPRA
_o.STAFF -- Colección General Juliaca
994 _aC0
_bPEPRU
596 _a1 3
999 _a616.6 U6
_wDEWEY
_c48955
_i71546
_d48955
_e2019-10-16
_f2021-11-25
_g5
_lCCODEBUL1
_mBUL
_n4
_p132.30
_q2
_r0
_sY
_tBOOK
_u2015-6-24
_xSALUD
_PP30
_0COMPRA
_o.STAFF. Colección Ciencias de la Salud
999 _a616.6 T19 1993
_wDEWEY
_c1
_iFJ07723
_f2022-1-25
_g4
_lCCODEBUJ1
_mBUJ
_p130.00
_r0
_sY
_tBOOK
_u2017-4-26
_xSALUD
_PP22
_0COMPRA
_o.STAFF. Colección General Juliaca
980 _81
_gALBERTO SANCHEZ Responsable de Automatización